000 00822nam a2200241 a 4500
001 000026015
005 20200930024230.0
008 110225s1965 sp r 000 f spa d
040 _aDO-SdBNP
_bspa
_cBNPHU
041 1 7 _aesp
_hfre
_2Código de idioma MARC
082 _aNNN
_bC421s, 1965
100 1 _aCesbron, Gilbert,
_d1913-1979
_939609
240 1 0 _aLes saints vont en enfer
_lEspañol.
245 1 0 _aLos santos van al infierno /
_cGilbert Cesbron ; traducción del francés por Tristán La Rosa.
250 _a8a ed.
260 _aBarcelona, (Espana) :
_bEdiciones Destino,
_c1965.
300 _a297 ;
_c19 cm.
490 1 _aÁncora y Delfín
_v77
534 _aTítulo original:
_tLes saints vont en enfer
700 1 _aLa Rosa, Tristán
_etr.
_952919
830 0 _aÁncora y Delfín ;
_v77
_95000
049 _aBNGR
999 _c25507
_d25507